Catálogo de la Biblioteca Horacio González - Universidad Nacional de General Sarmiento

La joven Victoria (Registro nro. 53860)

Detalles MARC
000 -CABECERA
campo de control de longitud fija 01381ngm a22003490a 4500
001 - NÚMERO DE CONTROL
campo de control PT44548
003 - IDENTIFICADOR DEL NÚMERO DE CONTROL
campo de control AR-LpoUNG
005 - FECHA Y HORA DE LA ÚLTIMA TRANSACCIÓN
campo de control 20210201235947.0
007 - CAMPO FIJO DE DESCRIPCIÓN FÍSICA--INFORMACIÓN GENERAL
campo de control de longitud fija vd cvaizq
008 - DATOS DE LONGITUD FIJA--INFORMACIÓN GENERAL
campo de control de longitud fija 191001s2009||||xxk|||||||||||||||||eng d
040 ## - FUENTE DE LA CATALOGACIÓN
Centro catalogador/agencia de origen AR-LpoUNG
Lengua de catalogación spa
Centro/agencia transcriptor AR-LpoUNG
Normas de descripción aacr
041 ## - CÓDIGO DE LENGUA
Código de lengua del texto/banda sonora o título independiente eng
044 ## - CÓDIGO DEL PAÍS DE LA ENTIDAD EDITORA/PRODUCTORA
Código MARC del país xxk
082 0# - NÚMERO DE LA CLASIFICACIÓN DECIMAL DEWEY
Número de clasificación 941.08 181jov
100 1# - ENTRADA PRINCIPAL--NOMBRE DE PERSONA
Nombre de persona Vallée, Jean-Marc
Término indicativo de función/relación dir.
245 13 - MENCIÓN DE TÍTULO
Título La joven Victoria
260 ## - PUBLICACIÓN, DISTRIBUCIÓN, ETC.
Lugar de publicación, distribución, etc. Londres :
Nombre del editor, distribuidor, etc. GK Films,
Fecha de publicación, distribución, etc. [2009].
300 ## - DESCRIPCIÓN FÍSICA
Extensión DVD (100 min.) : son., col.
505 0# - NOTA DE CONTENIDO CON FORMATO
Nota de contenido con formato Subtítulos en español. - Título original: The young Victoria. - Origen: Alemania, Reino Unido.- Elenco: Emily Blunt. - Fotografía: Hagen Bogdanski. - Guión: Julian Fellowes. - Música: Ilan Eshkeri. - Producción: Sarah Ferguson, Martin Scorsese.
520 ## - SUMARIO, ETC.
Sumario, etc. 1837. Victoria de tan sólo 17 años (Emily Blunt) esta en el medio de una lucha por obtener el poder de la corona. Su tío, el Rey William (Jim Broadbent), está muriendo y es Victoria quien le sigue en la línea de mando. Todo el palacio esta en búsqueda de ganarse un lugar a su lado.
650 #4 - PUNTO DE ACCESO ADICIONAL DE MATERIA--TÉRMINO DE MATERIA
Término de materia o nombre geográfico como elemento de entrada DRAMA
650 #4 - PUNTO DE ACCESO ADICIONAL DE MATERIA--TÉRMINO DE MATERIA
Término de materia o nombre geográfico como elemento de entrada HISTORIA
650 #4 - PUNTO DE ACCESO ADICIONAL DE MATERIA--TÉRMINO DE MATERIA
Término de materia o nombre geográfico como elemento de entrada PODER POLITICO
650 #4 - PUNTO DE ACCESO ADICIONAL DE MATERIA--TÉRMINO DE MATERIA
Término de materia o nombre geográfico como elemento de entrada REINO UNIDO
650 #4 - PUNTO DE ACCESO ADICIONAL DE MATERIA--TÉRMINO DE MATERIA
Término de materia o nombre geográfico como elemento de entrada RELACIONES HUMANAS
651 #4 - PUNTO DE ACCESO ADICIONAL DE MATERIA--NOMBRE GEOGRÁFICO
Nombre geográfico Reino Unido de Gran Bretaña e Irlanda del Norte
653 ## - TÉRMINO DE INDIZACIÓN--NO CONTROLADO
Término no controlado CINE
653 ## - TÉRMINO DE INDIZACIÓN--NO CONTROLADO
Término no controlado CINE INGLES
653 ## - TÉRMINO DE INDIZACIÓN--NO CONTROLADO
Término no controlado VIDEOS
905 ## - ELEMENTOS DE DATOS E LOCAL, LDE (RLIN)
a 44548
942 ## - ELEMENTOS DE PUNTO DE ACCESO ADICIONAL (KOHA)
Tipo de ítem Koha DVD
Existencias
Estado de retiro Estado de pérdida Estado dañado No para préstamo Código de colección Localización permanente Ubicación/localización actual Fecha de adquisición Total de préstamos Signatura topográfica completa Código de barras Fecha visto por última vez Precio válido a partir de Tipo de ítem Koha
        Colección Cine Biblioteca Universidad Nacional de General Sarmiento Biblioteca Universidad Nacional de General Sarmiento 01/02/2021   941.08 181jov 00052815 01/02/2021 01/02/2021 DVD